Normal view MARC view
  • Bhatt. R. L

Entry Personal Name

Number of records used in: 2

001 - CONTROL NUMBER

  • control field: 2308

003 - CONTROL NUMBER IDENTIFIER

  • control field: OSt

005 - DATE AND TIME OF LATEST TRANSACTION

  • control field: 20170111114642.0

008 - FIXED-LENGTH DATA ELEMENTS

  • fixed length control field: 170111|| aca||aabn | a|a d

040 ## - CATALOGING SOURCE

  • Original cataloging agency: OSt

100 ## - HEADING--PERSONAL NAME

  • Personal name: Bhatt. R. L

Powered by Koha